Business studies (Record no. 5946)

MARC details
000 -LEADER
fixed length control field 00597cam a2200229ua 4500
001 - CONTROL NUMBER
control field 6803
005 - DATE AND TIME OF LATEST TRANSACTION
control field 20260515114116.0
008 - FIXED-LENGTH DATA ELEMENTS--GENERAL INFORMATION
fixed length control field 140311n ii |||gr||||Z||||||eng
020 ## - INTERNATIONAL STANDARD BOOK NUMBER
International Standard Book Number 81-272-1982-7
040 ## - CATALOGING SOURCE
Transcribing agency MAIN
082 ## - DEWEY DECIMAL CLASSIFICATION NUMBER
Classification number 650
245 ## - TITLE STATEMENT
Title Business studies
Statement of responsibility, etc. By S.S. Sarkar
250 ## - EDITION STATEMENT
Remainder of edition statement For class XI.
260 ## - PUBLICATION, DISTRIBUTION, ETC.
Place of publication, distribution, etc. Ludhiana:
Name of publisher, distributor, etc. Kalyani publishers,
Date of publication, distribution, etc. 2005.
300 ## - PHYSICAL DESCRIPTION
Extent x,400p.
653 ## - INDEX TERM--UNCONTROLLED
Uncontrolled term Management & auxiliary services
653 ## - INDEX TERM--UNCONTROLLED
Uncontrolled term Business studies
700 ## - ADDED ENTRY--PERSONAL NAME
Personal name Sarkar,S.S.,
Relator term Author.,
700 ## - ADDED ENTRY--PERSONAL NAME
Personal name Sharma,R.K.,
Relator term Author.
700 ## - ADDED ENTRY--PERSONAL NAME
Personal name Gupta,Shashi K.,
Relator term Author.
942 ## - ADDED ENTRY ELEMENTS (KOHA)
Koha item type Books
Holdings
Withdrawn status Lost status Damaged status Not for loan Home library Current library Shelving location Date acquired Total checkouts Full call number Barcode Date last seen Copy number Price effective from Koha item type Date last checked out
        Naharkatiya College Library Naharkatiya College Library General stacks 09/19/2020   650 | SAR 16279 09/19/2020 5 09/19/2020 Books  
        Naharkatiya College Library Naharkatiya College Library General stacks 09/19/2020   650 | SAR 16280 09/19/2020 1 09/19/2020 Books  
        Naharkatiya College Library Naharkatiya College Library General stacks 09/19/2020   650 | SAR 16559 09/19/2020 4 09/19/2020 Books  
        Naharkatiya College Library Naharkatiya College Library General stacks 09/19/2020 2 650 | SAR 16560 05/08/2025 3 09/19/2020 Books 05/05/2025
        Naharkatiya College Library Naharkatiya College Library General stacks 09/19/2020   650 | SAR 16561 09/19/2020 2 09/19/2020 Books